Adivina el DILF ficticio #2 - Estadísticas

Estadísticas generales
  • Esta prueba ha sido intentada 54 veces
  • La puntuación promedio es 9 de 16
Estadísticas de respuestas
Imagen Respuesta % Correcto
Shrek
98%
Darth Vader
88%
Bowser
83%
Zeus
83%
Mufasa
81%
James P. Sullivan
79%
Tritón
79%
Diego
71%
Marlin
57%
Heinz Doofenshmirtz
48%
Manny
45%
El conejo de Pascua
33%
Gabriel Agreste
24%
Gill
17%
Hiroshi Nohara
17%
Bill Andersen
7%
No se encontraron pruebas coincidentes
Distribución de puntuación
Porcentaje de gente con cada puntuación
Porcentaje por número respondido
Historial de tus puntuaciones
No has intentado esta prueba.